Comportamiento energético de una estufa de leña con diseño propio basado en ténicas de gasificación
Đã lưu trong:
| Tác giả chính: | |
|---|---|
| Tác giả khác: | |
| Định dạng: | Sách |
| Ngôn ngữ: | Spanish |
| Được phát hành: |
San José, Costa Rica
2022
|
| Những chủ đề: | |
| Truy cập trực tuyến: | https://cedi.ucr.ac.cr/biosistemas/comportamiento-energetico-de-una-estufa-de-lena-con-diseno-propio-basado-en-tecnicas-de-gasificacion/ |
| Các nhãn: |
Thêm thẻ
Không có thẻ, Là người đầu tiên thẻ bản ghi này!
|
MARC
| LEADER | 00000nam a2200000Ia 4500 | ||
|---|---|---|---|
| 003 | 013430 | ||
| 005 | 20230516161738.0 | ||
| 008 | 140116s2022 cr a 000 ||spa d | ||
| 040 | |c cru CEDI | ||
| 100 | |a Elizondo Montoya, Dennis Andrey, 1996- |9 186 | ||
| 245 | |a Comportamiento energético de una estufa de leña con diseño propio basado en ténicas de gasificación | ||
| 260 | |a San José, Costa Rica |c 2022 | ||
| 500 | |a Trabajo de graduación (licenciatura en ingeniería agrícola y de biosistemas)--Universidad de Costa Rica. Facultad de Ingeniería. Escuela de Ingeniería de Biosistemas | ||
| 501 | |a Director deTrabajo Final de Graduación: Dr. Pedro Casanova Treto | ||
| 650 | |x ENERGIA BIOMASICA |x RESIDUOS AGRICOLAS COMO COMBUSTIBLE - COSTA RICA |x ESTUFAS DE LEÑA - DISEÑO Y CONSTRUCCION - COSTA RICA |x ESTUFAS DE BIOMASA |x GASIFICACION DE LA BIOMASA | ||
| 700 | |9 187 |a Casanova Treto, Pedro, 1975- |d Director del TFG | ||
| 856 | |u https://cedi.ucr.ac.cr/biosistemas/comportamiento-energetico-de-una-estufa-de-lena-con-diseno-propio-basado-en-tecnicas-de-gasificacion/ |y https://cedi.ucr.ac.cr/biosistemas/comportamiento-energetico-de-una-estufa-de-lena-con-diseno-propio-basado-en-tecnicas-de-gasificacion/ | ||
| 942 | |c CEDI |h TFG 8581 |2 ddc |6 TFG_8581_000000000000000 | ||
| 999 | |c 21932 |d 21932 | ||
